000 00944nam a2200277Ia 4500
001 Para_3128
003 CHAP
008 220125s1954 xx 000 0 und d
010 _a201576
040 _cCHAP
090 _aPA TESIS 361
100 _aZerezero Suárez, Guillermo
_9123963
245 _aEl cultivo del cocotero en el Edo. de Guerrero y sus principales plagas y enfermedades /
_c Guillermo Zerecero Suárez
260 _aChapingo, Méx. :
_b El autor
300 _a31 h.
502 _aTesis (Ing. Agr. Esp. en Parasitología Agrícola) -- ENA. Departamento de Parasitología Agrícola
650 _aCoco
_x Enfermedades Coco
_x Plagas Coco
_x Guerrero
_9166495
710 _aENA. Departamento de Parasitologia Agricola
_936701
901 _aPA TESIS 361
902 _aA
905 _a0000001954 CHAa 0000000000 00
910 _a1954
942 _cPARA
942 _cPARA
_d1
999 _c201576
_d201576